Una reforma fiscal para el sostenimiento del estado de bienestar (Registro nro. 46598)
[ vista simple ]
| 000 -CABECERA | |
|---|---|
| Longitud fija campo de control | 01061nam a2200289 4500 |
| 001 - NÚMERO DE CONTROL | |
| Número de control | 46598 |
| 003 - IDENTIFICADOR DE NÚMERO DE CONTROL | |
| Identificador del número de control | ES-MaCES |
| 005 - FECHA Y HORA DE LA ÚLTIMA TRANSACCIÓN | |
| Fecha y hora de la última transacción | 20151028130803.0 |
| 008 - CAMPO FIJO DE DESCRIPCIÓN FIJA--INFORMACIÓN GENERAL | |
| Códigos de información de longitud fija | 151026s2015 sp ||||| t||||||| ||spa d |
| 040 ## - FUENTE DE CATALOGACIÓN | |
| Centro catalogador de origen | ES-MaCES |
| Lengua de catalogación | spa |
| Centro transcriptor | ES-MaCES |
| Centro modificado | ES-MaCES |
| 100 1# - ENCABEZAMIENTO PRINCIPAL--NOMBRE PERSONAL | |
| 9 (RLIN) | 36147 |
| Nombre de persona | Navau Martínez-Val, Pilar |
| 245 14 - MENCIÓN DE TÍTULO | |
| Título | Una reforma fiscal para el sostenimiento del estado de bienestar |
| Mención de responsabilidad, etc. | Pilar Navau Martínez-Val |
| 504 ## - NOTA DE BIBLIOGRAFÍA, ETC. | |
| Nota de bibliografía, etc. | Bibliografía: p. 289-290 |
| 650 #4 - ASIENTO SECUNDARIO DE MATERIA--TÉRMINO DE MATERIA | |
| 9 (RLIN) | 29481 |
| Término de materia o nombre geográfico como elemento inicial | Estado-Benefactor |
| 650 #4 - ASIENTO SECUNDARIO DE MATERIA--TÉRMINO DE MATERIA | |
| 9 (RLIN) | 29849 |
| Término de materia o nombre geográfico como elemento inicial | economía del bienestar |
| 650 #4 - ASIENTO SECUNDARIO DE MATERIA--TÉRMINO DE MATERIA | |
| 9 (RLIN) | 28076 |
| Término de materia o nombre geográfico como elemento inicial | gasto público |
| 650 #4 - ASIENTO SECUNDARIO DE MATERIA--TÉRMINO DE MATERIA | |
| 9 (RLIN) | 28125 |
| Término de materia o nombre geográfico como elemento inicial | financiación |
| 650 #4 - ASIENTO SECUNDARIO DE MATERIA--TÉRMINO DE MATERIA | |
| 9 (RLIN) | 28082 |
| Término de materia o nombre geográfico como elemento inicial | política fiscal |
| 650 #4 - ASIENTO SECUNDARIO DE MATERIA--TÉRMINO DE MATERIA | |
| 9 (RLIN) | 27209 |
| Término de materia o nombre geográfico como elemento inicial | administración fiscal |
| 650 #4 - ASIENTO SECUNDARIO DE MATERIA--TÉRMINO DE MATERIA | |
| 9 (RLIN) | 28093 |
| Término de materia o nombre geográfico como elemento inicial | tributación |
| 650 #4 - ASIENTO SECUNDARIO DE MATERIA--TÉRMINO DE MATERIA | |
| 9 (RLIN) | 28091 |
| Término de materia o nombre geográfico como elemento inicial | reforma tributaria |
| 650 #4 - ASIENTO SECUNDARIO DE MATERIA--TÉRMINO DE MATERIA | |
| 9 (RLIN) | 27102 |
| Término de materia o nombre geográfico como elemento inicial | crisis económica |
| 653 10 - TÉRMINO DE INDEXACIÓN--NO CONTROLADO | |
| Término no controlado | Fiscalidad |
| 773 0# - ENTRADA DE DOCUMENTO FUENTE | |
| Itemnumber del ítem fuente | 83435 |
| Lugar, editor y fecha de publicación | Madrid Dykinson [2015] |
| Otro identificador del documento | 086335 |
| Título | Sostenibilidad del Estado de bienestar en España |
| Número de control del registro relacionado | (ES-MaCES)46301 |
| Número Internacional Normalizado para Libros (ISBN) | 9788490854310 |
| Parte(s) relacionada(s) | p.241-290 . - SG-3.0.-102 |
| 902 ## - CES. TIPO DE DOCUMENTO | |
| Tipodoc (006$c Sirtex) | ARL Artículo de libro |
| 942 ## - ELEMENTOS KOHA | |
| Fuente de clasificaión o esquema | Clasificación propia del CES |
| Koha [por defecto] tipo de item | Artículos (1982-2017) |
| Parte de clasificación | Fiscalidad |
No hay ítems disponibles.
